|
|
|
|
| LEADER |
00000nas a2200000 a 4500 |
| 001 |
ssj0017638 |
| 003 |
WaSeSS |
| 005 |
20200512172242.0 |
| 006 |
m d |
| 007 |
cr n |
| 008 |
000222c19979999gw qr pss 0 a0eng c |
| 010 |
|
|
|a 2006242037
|
| 016 |
7 |
|
|a 013090618
|2 Uk
|
| 022 |
|
|
|a 1364-6753
|l 1364-6745
|y 1364-6745
|
| 035 |
|
|
|a (WaSeSS)ssj0017638
|
| 040 |
|
|
|a GAT
|b eng
|e pn
|c GAT
|d OCLCQ
|d MYG
|d OCL
|d OCLCQ
|d HUL
|d OCLCQ
|d OCLCF
|d OCLCQ
|d OCLCO
|d GBT
|d SFB
|d UKMGB
|d VT2
|d U3G
|d OCLCO
|d OCLCQ
|d DEFHM
|d OCLCO
|d OCLCA
|d Z5A
|d OCLCO
|d OCLCA
|d U3W
|d OCLCO
|d OCLCA
|d WYU
|d OCLCA
|d NJT
|d OCLCO
|d OCLCA
|d DLC
|d OCLCA
|d WaSeSS
|
| 042 |
|
|
|a pcc
|
| 050 |
0 |
0 |
|a RC346.4
|
| 050 |
|
4 |
|a QP351
|b .N43c
|
| 082 |
0 |
4 |
|a 612.8
|
| 130 |
0 |
|
|a Neurogenetics (Online)
|
| 245 |
1 |
0 |
|a Neurogenetics
|h [electronic resource].
|
| 260 |
|
|
|a Berlin :
|b Springer,
|c ©1997-
|
| 310 |
|
|
|a Quarterly
|
| 362 |
0 |
|
|a Vol. 1, no. 1 (1997)-
|
| 500 |
|
|
|a Title from journal information screen (SpringerLink, viewed Apr. 18, 2006).
|
| 506 |
|
|
|a License restrictions may limit access.
|
| 538 |
|
|
|a Mode of access: World Wide Web.
|
| 588 |
|
|
|a Latest issue consulted: Vol. 21, no. 1 (Jan. 2020) (SpringerLink, viewed Jan. 13, 2020).
|
| 650 |
|
0 |
|a Neurogenetics
|v Periodicals.
|
| 650 |
|
0 |
|a Nervous system
|x Diseases
|x Genetic aspects
|v Periodicals.
|
| 650 |
|
0 |
|a Neurophysiology
|v Periodicals.
|
| 650 |
|
7 |
|a Nervous system.
|2 fast
|0 (OCoLC)fst01036080
|
| 650 |
|
7 |
|a Neurogenetics.
|2 fast
|0 (OCoLC)fst01036353
|
| 650 |
|
7 |
|a Neurophysiology.
|2 fast
|0 (OCoLC)fst01036464
|
| 650 |
|
7 |
|a Neurogenetik
|2 gnd
|
| 650 |
|
7 |
|a Neuromuskuläre Krankheit
|2 gnd
|
| 650 |
|
7 |
|a Genetik
|2 gnd
|
| 650 |
|
7 |
|a Zeitschrift
|2 gnd
|
| 650 |
|
7 |
|a Online-Ressource
|2 gnd
|
| 650 |
|
7 |
|a Erbkrankheit
|2 gnd
|
| 650 |
|
7 |
|a Nervensystem
|2 gnd
|
| 650 |
|
7 |
|a Krankheit
|2 gnd
|
| 650 |
1 |
2 |
|a Nervous System Diseases
|x genetics.
|
| 650 |
2 |
2 |
|a Nervous System Physiological Phenomena.
|
| 655 |
|
0 |
|a Electronic journals.
|
| 776 |
1 |
|
|t Neurogenetics
|x 1364-6745
|w (DLC)sn 97040174
|w (OCoLC)37360267
|
| 850 |
|
|
|a DLC
|
| 856 |
4 |
0 |
|z Full text available from Research Library: 05/01/1997 to 1 year ago
|u https://search.proquest.com/publication/32360
|